<?xml version="1.0" encoding="UTF-8"?>
<record
    xmlns:xsi="http://www.w3.org/2001/XMLSchema-instance"
    xsi:schemaLocation="http://www.loc.gov/MARC21/slim http://www.loc.gov/standards/marcxml/schema/MARC21slim.xsd"
    xmlns="http://www.loc.gov/MARC21/slim">

  <leader>01810nam a22002777a 4500</leader>
  <controlfield tag="005">20211122095230.0</controlfield>
  <controlfield tag="008">211122b          mx ||||| |||| 00| 0 spad</controlfield>
  <datafield tag="020" ind1=" " ind2=" ">
    <subfield code="a">9786070260759</subfield>
  </datafield>
  <datafield tag="050" ind1="0" ind2="4">
    <subfield code="a">PM4063</subfield>
    <subfield code="b">M65 2014</subfield>
  </datafield>
  <datafield tag="100" ind1="1" ind2=" ">
    <subfield code="a">Molina, Alonso de, </subfield>
    <subfield code="d">muerte 1585, </subfield>
    <subfield code="e">autor.</subfield>
  </datafield>
  <datafield tag="245" ind1=" " ind2=" ">
    <subfield code="a">Arte de la lengua mexicana y castellana / </subfield>
    <subfield code="c">compuesta por el muy reuerendo padre fray Alonso de Molina de la orden del se&#xF1;or Sant Francisco ; edici&#xF3;n cr&#xED;tica, estudio introductorio, transliteraci&#xF3;n y notas de Ascensi&#xF3;n Hern&#xE1;ndez de Le&#xF3;n-Portilla</subfield>
  </datafield>
  <datafield tag="250" ind1=" " ind2=" ">
    <subfield code="a">1a edici&#xF3;n Facsimilar </subfield>
  </datafield>
  <datafield tag="260" ind1=" " ind2=" ">
    <subfield code="a">M&#xE9;xico, D.F : </subfield>
    <subfield code="b">Universidad Nacional Aut&#xF3;noma de M&#xE9;xico, Instituto de Investigaciones Hist&#xF3;ricas :  </subfield>
    <subfield code="b">Fideicomiso Felipe Teixidor y Monserrat Alfau de Teixidor :</subfield>
    <subfield code="b">Instituto Tecnol&#xF3;gico y de Estudios Superiores de Monterrey, </subfield>
    <subfield code="c">2014</subfield>
  </datafield>
  <datafield tag="300" ind1=" " ind2=" ">
    <subfield code="a">303 p&#xE1;ginas [82, 35 hojas] : </subfield>
    <subfield code="b">ilustraciones, facs&#xED;mil ;</subfield>
    <subfield code="c">23 cm</subfield>
  </datafield>
  <datafield tag="490" ind1=" " ind2=" ">
    <subfield code="a">Facs&#xED;miles de ling&#xFC;&#xED;stica y filolog&#xED;a nahuas ; </subfield>
    <subfield code="v">10</subfield>
  </datafield>
  <datafield tag="490" ind1=" " ind2=" ">
    <subfield code="a">Instituto de Investigaciones filol&#xF3;gicas ; seminario de lenguas ind&#xED;genas</subfield>
  </datafield>
  <datafield tag="500" ind1=" " ind2=" ">
    <subfield code="a">Reproducci&#xF3;n facsimilar del ejemplar conservado en la colecci&#xF3;n cervantina del Instituto Tecnol&#xF3;gico y de Estudios Superiores de Monterrey</subfield>
  </datafield>
  <datafield tag="500" ind1=" " ind2=" ">
    <subfield code="a">Facs&#xED;mil de: En M&#xE9;xico en casa de Pedro Ocharte, 1571</subfield>
  </datafield>
  <datafield tag="650" ind1=" " ind2="7">
    <subfield code="2">lemb</subfield>
    <subfield code="a">N&#xE1;huatl</subfield>
    <subfield code="x">Gram&#xE1;tica</subfield>
  </datafield>
  <datafield tag="700" ind1="1" ind2=" ">
    <subfield code="a">Le&#xF3;n-Portilla, Ascensi&#xF3;n H. de,</subfield>
    <subfield code="q">(Ascensi&#xF3;n Hern&#xE1;ndez), </subfield>
    <subfield code="e">editor, prologuista, traductor, colaborador</subfield>
  </datafield>
  <datafield tag="710" ind1="2" ind2=" ">
    <subfield code="a">Universidad Nacional Aut&#xF3;noma de M&#xE9;xico. </subfield>
    <subfield code="b">Instituto de Investigaciones Hist&#xF3;ricas</subfield>
  </datafield>
  <datafield tag="710" ind1="2" ind2=" ">
    <subfield code="a">Universidad Nacional Aut&#xF3;noma de M&#xE9;xico. </subfield>
    <subfield code="b">Instituto de Investigaciones Filol&#xF3;gicas</subfield>
  </datafield>
  <datafield tag="710" ind1="2" ind2=" ">
    <subfield code="a">Fideicomiso Felipe Teixidor y Monserrat Alfau de Teixidor</subfield>
  </datafield>
  <datafield tag="710" ind1="2" ind2=" ">
    <subfield code="a">Tecnol&#xF3;gico de Monterrey</subfield>
  </datafield>
  <datafield tag="942" ind1=" " ind2=" ">
    <subfield code="2">lcc</subfield>
    <subfield code="c">LIB</subfield>
  </datafield>
  <datafield tag="999" ind1=" " ind2=" ">
    <subfield code="c">158992</subfield>
    <subfield code="d">158990</subfield>
  </datafield>
  <datafield tag="952" ind1=" " ind2=" ">
    <subfield code="1">0</subfield>
    <subfield code="2">lcc</subfield>
    <subfield code="4">0</subfield>
    <subfield code="7">0</subfield>
    <subfield code="a">INV-033</subfield>
    <subfield code="b">INV-033</subfield>
    <subfield code="c">GENERAL</subfield>
    <subfield code="d">2021-11-22</subfield>
    <subfield code="e">CAN</subfield>
    <subfield code="f">Facsimilar</subfield>
    <subfield code="i">H</subfield>
    <subfield code="k">EH</subfield>
    <subfield code="l">0</subfield>
    <subfield code="o">PM4063 M65 2014</subfield>
    <subfield code="p">IIH000031551</subfield>
    <subfield code="r">2021-11-22 00:00:00</subfield>
    <subfield code="t">C:1</subfield>
    <subfield code="v">1.00</subfield>
    <subfield code="y">LIB</subfield>
  </datafield>
</record>
